000 00658nam a2200193 ar4500
001 5009
005 20221127091056.0
008 190710s xxua 00110|eng d
020 _a0131830651(hpb) :
_cSR640.00
082 0 4 _a720.9
_bT673 2003
100 1 _aTrachtenberg, Marvin.
245 1 0 _aArchitecture from prehistory to postmodernity /
_cM. Trachtenberg, I. Hyman.
250 _a2nd edition.
260 _aUpper Saddle River, NJ :
_bPrentice-Hall,
_c2003.
300 _ax, 480 pages :
_billustrations(some color) ;
_c29 cm.
504 _aIncludes bibl. references and index.
650 4 _aArchitecture
_xHistory.
700 0 _aHyman, Isabelle,
_ejt. author.
999 _c5007
_d5007